| 000 | 01379cam a22003255a 4500 | ||
|---|---|---|---|
| 999 |
_c26967 _d26939 |
||
| 001 | 018921363 | ||
| 003 | Uk | ||
| 005 | 20181112114830.0 | ||
| 008 | 180620s2018 enk frb 001 0 eng d | ||
| 015 |
_aGBB8B9588 _2bnb |
||
| 016 | 7 |
_a018921363 _2Uk |
|
| 020 | _a9780198818564 (pbk.) | ||
| 040 |
_aStDuBDS _beng _cStDuBDS _dEG-ScBUE |
||
| 082 | 0 | 4 |
_a341.2422 _bBLA _222 |
| 245 | 0 | 0 |
_aBlackstone's EU treaties & legislation, 2018-2019 / _cedited by Nigel Foster. |
| 246 | 3 | _aBlackstone's EU treaties & legislation, 2018-2019 | |
| 246 | 3 | 0 | _aEU treaties and legislation, 2018-2019 |
| 250 | _a29th ed. | ||
| 260 |
_aOxford : _bOxford University Press, _c2018. |
||
| 300 |
_axxxii, 660 p. _c25 cm. |
||
| 490 | 0 | _aBlackstone's statutes series | |
| 504 | _aIncludes bibliographical references and index. | ||
| 520 | _aCelebrating over 30 years as the market-leading series, Blackstone's Statutes have an unrivalled tradition of trust and quality. With a rock-solid reputation for accuracy, reliability, and authority, they remain first-choice for students and lecturers, providing a careful selection of all the up-to-date legislation needed for exams and course use. | ||
| 650 | 7 |
_aLaw _zEuropean Union countries. _2BUEsh |
|
| 651 | _2BUEsh | ||
| 653 |
_bLLAAWW _cNovember2018 _dBestSellers |
||
| 655 | _vText book | ||
| 700 | 1 | 0 |
_aFoster, Nigel G., _eeditor. |
| 942 | _2ddc | ||